Mario oddesey captures - sudden death - Statistics

General Stats
  • This quiz has been taken 94 times
  • The average score is 9 of 18
Answers on the Grid
Answers color-coded by a green-red scale on the quiz's grid according to % correct below.
Moe eye
Munchers
Topper
Uproot
Gushen
Bowser jr
Bowser
Broodals
Chain chomp
Tyfoo
Snowman
Cheep cheep
Purple cheep cheep
Cappy
Podoboo
Volbonans
Pole
Donkey kong
Spiky
Spiny
Meat
Picture match piece
Paper mario
Lava king
Shiverian racer
T-Rex
Bullet bill
Goomba
Goblin
Koopa troopa
Banzai bill
Puffy lifts
 
Answer Stats
Answer % Correct
Chain chomp
65%
Moe eye
65%
Bullet bill
63%
Cheep cheep
62%
Goomba
62%
Gushen
58%
T-Rex
58%
Bowser
56%
Uproot
54%
Meat
52%
Shiverian racer
50%
Tyfoo
48%
Banzai bill
46%
Picture match piece
42%
Pole
42%
Purple cheep cheep
42%
Volbonans
25%
Podoboo
23%
No matching quizzes found
Score Distribution
Percent of People with Each Score
Percentile by Number Answered
Your Score History
You have not taken this quiz